|
|
|
|
| LEADER |
00000cam a2200000 a 4500 |
| 001 |
vtls008743630 |
| 003 |
SK-MaSNL |
| 005 |
20260302075135.0 |
| 008 |
060510s1975 xo 0|0 f slo |
| 015 |
|
|
|a SNBA1975
|
| 020 |
|
|
|q (viaz.)
|
| 040 |
|
|
|a SNK
|b slo
|c SNK
|e AACR2
|
| 041 |
1 |
|
|a slo
|h ita
|
| 044 |
|
|
|a xo
|c SK
|
| 100 |
1 |
|
|a Guerrazzi, Francesco Domenico,
|d 1804-1873
|4 aut
|9 279376
|
| 240 |
1 |
0 |
|a Beatrice Cenci
|l Slovensky
|
| 245 |
1 |
0 |
|a Lásky a hriechy Beatrice Cenci
|c Francesco Domenico Guerrazzi ; z talianskeho originálu Beatrice Cenci ... preložili Mikuláš Pažítka, Jozef Telgársky
|
| 250 |
|
|
|a 3. vyd.
|
| 260 |
|
|
|a Bratislava
|b Tatran
|c 1975
|
| 300 |
|
|
|a 488 s.
|c 21 cm
|
| 366 |
|
|
|e 20000 výtl.
|
| 490 |
1 |
|
|a Meteor
|v zv. 69
|
| 655 |
|
7 |
|a talianske romány
|2 SNKPH
|9 70617
|
| 655 |
|
7 |
|a historické romány
|2 SNKPH
|9 70253
|
| 700 |
1 |
|
|a Pažitka, Mikuláš,
|d 1918-2004
|4 trl
|9 113522
|
| 700 |
1 |
|
|a Telgársky, Jozef,
|d 1919-1998
|4 trl
|9 37662
|
| 830 |
|
0 |
|a Meteor
|9 276888
|
| 852 |
|
|
|a Slovenská národná knižnica
|
| 954 |
|
|
|a beletria cudzojazyčná (svetová)
|2 lita
|
| 958 |
|
|
|a LX
|
| 958 |
|
|
|a UP
|
| 958 |
|
|
|a IT
|
| 999 |
|
|
|c 1168046
|d 1169976
|
| 952 |
|
|
|a SNK
|b SNK
|y PREZ
|7 0
|p 17A0979267
|o snkSC 38421
|i snkKSP 1993
|0 0
|1 0
|4 0
|d 2024-05-29
|l 0
|r 2025-10-10 00:00:00
|w 2026-02-24
|
| 952 |
|
|
|a SNK
|b SNK
|y VYP
|7 0
|o snkSC 38421 D1
|0 0
|1 0
|4 0
|d 2024-05-29
|l 0
|r 2026-02-24 20:54:22
|w 2026-02-24
|